000 00494 a2200169 4500
005 20250520105009.0
020 _a978-1-4292-8342-7
082 _aLECT 338.5 KRU
100 _aKRUGMAN, P.
245 _aMicroeconomics
250 _a3rd Ed.
260 _aNew York,
_bWorth Publishers,
_c2012.
300 _axxxii, 542p.: ill.; figure, picture, table.
_bGlossary & Index.
_c27cm.
700 _aWELL, R.
856 _yAccess Online Book
_fMicroeconomics
_dwww.worthpublishers.com
942 _2ddc
_cBKS
999 _c2479
_d2479